000 00318nam a22001337a 4500
008 170526b xxu||||| |||| 00| 0 eng d
020 _a9780070288126
041 _aeng
080 _23RD
_a62
100 _a25
101 _aIM
245 _aSTANDARD HANDBOOK OF ENGINEERING CALCULATIONS
_cHICKS, T.G
942 _2udc
_cBK
999 _c14344
_d14344